| 000 | 00758 a2200157 4500 | ||
|---|---|---|---|
| 003 | NUST | ||
| 005 | 20221205141438.0 | ||
| 040 | _cNust | ||
| 082 | _a070.4,BUL | ||
| 100 |
_aBull, Albert E. _9104142 |
||
| 245 |
_aAuthorship and Journalism / _cAlbert E. Bull |
||
| 260 |
_alondon _bPitman and sons _c1924 |
||
| 300 | _avii,23 ,p .: | ||
| 505 | _aProfessional Authorship and Journalism (Page-1), Sentence Making (Page-10), Stating Incidents and Stating Arguments (Page-18), The Formation of style (Page- 37), The Waiter Book Shelf (Page-45), Article and Leader Writing (Page-65), Interviewing (Page-79), How to get on the Staff (Page-86), Serial Stories (Page-113), The Novel (Page-125), The Author Business Methods (Page-153). | ||
| 942 |
_2ddc _cBK _k070.4,BUL |
||
| 999 |
_c193654 _d193654 |
||